000 00427nam a2200157Ia 4500
008 230312s9999||||xx |||||||||||||| ||und||
020 _a81-203-3716-9
082 _a621.3813
_bSIN-F
100 _aSingh,Anoop
245 0 _aFundamentals of Microwave Engineering
260 _bPrentice Hall India
_aIndia
_c2009
300 _a393
546 _aEng.
650 _aEngineering
_vElectromagnetic Wave Theory,Waveguides
942 _cBK
999 _c1339
_d1339